000 00940nam a2200253Ia 4500
003 OSt
005 20220930071551.0
006 a|||||r|||| 00| 0
007 ta
008 220926b |||||||| |||| 00| 0 eng d
024 _a14729
037 _cTheses
040 _aCRL
_cCRL
_beng
041 _2eng
_aeng
100 _aBan Vinita Bindra
_9528617
110 _aUniversity of Delhi. Faculty of Inter-disp. & applied sciences. Department of Microbiology
_9528618
245 0 _aViability of mushrooom cultivation as an income generating activity with special reference to spawn production for rural needs
260 _c1996
650 _aMICROBIOLOGY
700 _a Saxena Prof. (Dr.) R.K. Supervisor
_9528619
700 _aUniversity of Delhi. Faculty of Inter-disp. & applied sciences. Department of Microbiology
_9528620
942 _cDIS
_2CC
999 _c862483
_d862483